Joueurs passés par le FC Barcelone - Mort subite - Statistiques

Statistiques générales
  • Ce quiz a été pris 2 562 fois
  • Le résultat moyen est 14 sur 20
Answers on the Grid
Answers color-coded by a green-red scale on the quiz's grid according to % correct below.
Lionel Messi
Luis Suárez
Raphinha
Martin Braithwaite
Gerard Piqué
Éric Abidal
Yaya Touré
Juan Román Riquelme
Philippe Coutinho
Gary Lineker
Samuel Eto’o
Jean-Clair Todibo
Andrés Iniesta
Michael Laudrup
Ronaldinho
Rivaldo
Johan Cruyff
Xavi
Marc Bartra
Ronald Koeman
Didier Drogba
Baltazar Costa
Sócrates
Jay-Jay Okocha
Florent Mollet
Takefusa Kubo
Robert Pirès
Roberto Carlos
George Weah
Hugo Mallo
Cédric
Adel Taarabt
 
Statistiques - réponses
Réponse % Correct
Lionel Messi
81%
Xavi
81%
Andrés Iniesta
80%
Gerard Piqué
80%
Raphinha
80%
Ronaldinho
80%
Samuel Eto’o
80%
Luis Suárez
78%
Johan Cruyff
77%
Philippe Coutinho
77%
Éric Abidal
74%
Ronald Koeman
71%
Martin Braithwaite
69%
Rivaldo
68%
Yaya Touré
65%
Marc Bartra
58%
Jean-Clair Todibo
57%
Michael Laudrup
43%
Juan Román Riquelme
41%
Gary Lineker
23%
Aucun quiz correspondant
Distribution des résultats
% des personnes avec chaque résultat
Percentile par nombre de réponses
Votre historique - résultats
Vous n’avez pas pris ce quiz